000 00472nam a22001931a 4500
001 1890
003 OSt
005 20260204211751.0
008 040122s2002||||sp ||||||b||||||||||spa||
020 _a8483166100
050 _a372 S16e
082 _a372 S16e
100 _aSáez Ortega, Pedro
245 _aEducar en la escuela multicural / Pedro Sáez Ortega
264 _aEspaña : CCS. ICCE
300 _a86 p.
650 _a1.Educación PrimariaÌ
942 _2ddc
_cBK
999 _c1890
_d1890